000 00592nam a22002057a 4500
999 _c6486
_d6486
003 OSt
005 20220120150123.0
008 200128b ||||| |||| 00| 0 eng d
020 _a0849397227
040 _cNLM
082 _aWW20 O1a 2006
100 _aOgg, Graham D.
_913337
245 _aA Practical Guide to Quality Management in Clinical Trial Research
260 _aBoca Raton;
_bTaylor & Francis,
_c2006
300 _a213p;
_bIll:
_c24cm
504 _aAcronyms, & index included
650 _aQuality management
_98392
650 _aClinical research
_913338
942 _2ddc
_cO_SHELF